000 01012nam a2200277Ia 4500
003 OSt
005 20220923211014.0
006 a|||||r|||| 00| 0
007 ta
008 220922b |||||||| |||| 00| 0 hin d
020 _a8170553040
_c340
024 _a258,680
037 _b262, 12/12/2011, Vani Prakashan
_cTextual
040 _aARTS
_cARTS
_bhin
041 _2hin
_ahin
082 _aO152,1N178:g, N4
100 _aप्रसाद, गोविन्द, संपा.
_9157068
245 0 _aत्रिलोचन के बारे मे
246 _aTrilochan ke bāre me
260 _aनई दिल्ली
_b वाणी प्रकाशन
_c1994
300 _a247पृ.
_ccm.
650 _a हिन्दी कविता
650 _aहिन्दी साहित्य
_9156264
942 _hO152,1N178:g, N4
_cTEXL
_2CC
999 _c293800
_d293800